000 00428nam a2200181Ia 4500
001 3340
005 20260306145636.0
008 260306t1998||||xx |||||||||||||| ||spa||
041 _aESP
082 _a270
_bH59
100 _aOrlandis, José
_eAUT
245 0 _aHistoria de la iglesia:
_bla iglesia antigua y medieval
260 _c1998
300 _a
_c21 cm.
650 _aGEN
654 _aCHU
942 _cLIB
_dJUS
_fJUS
_2ddc
_n
999 _c3340
_d3340